| 000 | 01421cam a2200397 a 4500 | ||
|---|---|---|---|
| 001 | 13520239 | ||
| 003 | OSt | ||
| 005 | 20140310184420.0 | ||
| 008 | 040312s2004 dcua b 000 1 eng | ||
| 010 | _a 2004006046 | ||
| 020 | _a9780439686167 | ||
| 020 | _a0439686164 | ||
| 040 |
_aDLC _cDLC _dDLC |
||
| 042 | _alcac | ||
| 050 | 0 | 0 |
_aPZ 7 _b.P38448 2004 |
| 082 | 0 | 0 | _a[E] |
| 100 | 1 |
_aPenn, Audrey, _d1947- _926623 |
|
| 245 | 1 | 2 |
_aA pocket full of kisses / _cAudrey Penn ; illustrated by Barbara Leonard Gibson. |
| 260 |
_aWashington, D.C. : _bChild & Family Press, _cc2004. |
||
| 300 |
_a1 v. (unpaged) : _bcol. ill. ; _c27 cm. |
||
| 500 | _a"The endearing sequel to the New York Times bestseller The Kissing Hand"--Cover. | ||
| 520 | _aChester Raccoon is worried that his mother does not have enough love for both him and his new baby brother. | ||
| 521 | _aG6 | ||
| 526 | _c830 | ||
| 562 | _eFor Scholastic Reading Center. 1 copy available | ||
| 650 | 1 |
_aMother and child _vFiction. _926624 |
|
| 650 | 1 |
_aSibling rivalry _vFiction. _926625 |
|
| 650 | 1 |
_aLove _vFiction. _926626 |
|
| 650 | 1 |
_aBabies _vFiction. _926627 |
|
| 650 | 1 |
_aRaccoon _vFiction. _926628 |
|
| 700 | 1 |
_aGibson, Barbara, _eill. _926629 |
|
| 906 |
_a7 _bcbc _corignew _d1 _eecip _f20 _gy-gencatlg |
||
| 942 |
_2lcc _cBK-SCHOLAS |
||
| 999 |
_c34216 _d34216 |
||